Statistics for 25 Biggest Cities in Sweden

Click here to take the quiz!

General Stats

  • This quiz has been taken 164 times
  • The average score is 18 of 25

Answer Stats

PopulationCity% Correct
1 370 000Stockholm
99%
280 000Malmö
98%
560 000Gothenburg
97%
140 000Uppsala
93%
80 000Umeå
88%
85 000Norrköping
85%
105 000Linköping
84%
110 000Västerås
83%
105 000Örebro
83%
80 000Lund
83%
100 000Helsingborg
81%
90 0004Jönköping
79%
45 000Luleå
76%
60 000Karlstad
73%
70 000Gävle
68%
65 000Borås
64%
65 000Eskilstuna
63%
60 000Växjö
63%
50 000Sundsvall
63%
45 000Östersund
62%
60 000Halmstad
56%
65 000Södertälje
51%
40 000Borlänge
48%
45 000Trollhättan
32%
60 000Täby
15%

Score Distribution

Percentile by Number Answered

Percent of People with Each Score

Your Score History

You have not taken this quiz